000 00545nam a22001697a 4500
005 20251108170034.0
008 250721s9999 xx 000 0 ara d
082 1 4 _aق/فير
100 1 _aفيرن، جول
245 1 0 _aحول العالم في ثمانين يوما /
264 1 _aالإسكندرية :
_bالمركز العربي للنشر والتوزيع،
_c[19-].
300 _a117ص
650 1 7 _aالقصص العربيه
700 1 _aجلال، محمد عبد المنعم
_eترجمة
942 _2ddc
_cBK
999 _c38080
_d38080